Statistiken für Städte in der Pokémon Kanto-Region auf einer Karte

Klicken Sie hier um das Quiz zu spielen!

Allgemein

  • Dieses Quiz wurde 792 mal gespielt
  • Das Durchschnittsergebnis liegt bei 8 aus 11

Antworten auf der Karte

Die Antworten werden auf der Karte rot bzw. grün angezeigt, abhängig davon wie oft sie richtig erraten wurden.
 

Antwortstatistiken

Antwort% Korrekt
Alabastia
97%
Indigo Plateau
88%
Zinnoberinsel
87%
Azuria City
82%
Lavandia
79%
Marmoria City
77%
Vertania City
76%
Fuchsania City
69%
Prismania City
64%
Orania City
63%
Saffronia City
56%

Verteilung der Resultate

Perzentil nach korrekt beantworteten Fragen

Anzahl Personen mit jedem Resultat

Ihre Resultats-Entwicklung

Sie haben dieses Quiz noch nicht gespielt